00829 a2200133 4500003000500000005001700005040000900022082001400031100001800045245012200063260003000185505044600215650003400661Nust20221027105049.0 cNust a621.3,THE aB.L., Theraja aA Textbook of Electrical Technology Vol.3 :bTransmission, distribution and utilization /cB.L. Theraja & A.K Theraja aNew DelhibS. Chandc2000 aD.C. Transmission and Distribution (Page-1569), A.C. Transmission and Distribution (Page-1603), Distribution Automation (Page-1683), Electric Traction (Page-1699), Industrial Applications of Electric Motors (Page-1767), Rating and Service Capacity (Page-1795), Electronic Control of AC Motors (Page-1823), Electric Heating (Page-1833), Electric Welding (Page-1861), Illumination (Page-1893), Tariffs and Economic Considerations (Page-1943),  aTelecommunication Engineering